Μελέτη μη γραμμικής εξίσωσης αντίδρασης διάχυσης : μεταπτυχιακή διατριβή

Μελέτη μη γραμμικής εξίσωσης αντίδρασης διάχυσης τύπου Allen Cahn. Απόδειξη θεωρήματος ύπαρξης και a-priori εκτιμήσεις λύσεων.

Αποθηκεύτηκε σε:
Λεπτομέρειες βιβλιογραφικής εγγραφής
Κύριος συγγραφέας: Διαμάντης, Ιωάννης
Συγγραφή απο Οργανισμό/Αρχή: Πανεπιστήμιο Αιγαίου. Σχολή Θετικών Επιστημών. Τμήμα Μαθηματικών. Μεταπτυχιακό Πρόγραμμα Σπουδών Μαθηματική Μοντελοποίηση στις Φυσικές Επιστήμες και στις Σύγχρονες Τεχνολογίες
Μορφή: Thesis Βιβλίο
Γλώσσα:English
Δημοσίευση: 2010.
Θέματα:
Διαθέσιμο Online:http://hdl.handle.net/11610/12113
Ετικέτες: Προσθήκη ετικέτας
Δεν υπάρχουν, Καταχωρήστε ετικέτα πρώτοι!

MARC

LEADER 00000cam a2200000 i 4500
001 1/11850
008 110208s2010 gr | ||| |||| ||eng||
035 |l 10109564 
040 |a GR-MyUA  |b gre  |e AACR2 
041 0 |a eng 
082 0 |a 515.353   |2 (22)  
100 1 |a Διαμάντης, Ιωάννης. 
245 1 0 |a Μελέτη μη γραμμικής εξίσωσης αντίδρασης διάχυσης :   |b μεταπτυχιακή διατριβή /   |c Ιωάννης Διαμάντης ; επιβλέπων καθηγητής Νικόλαος Καραχάλιος.  
260 |c 2010.  
300 |a 37 σ. :   |b σχέδια ;   |c 30 εκ.  
500 |a Μέλη της εξεταστικής επιτροπής: Καραχάλιος Νικόλαος, Φελουζής Ευάγγελος, Παπαλεξίου Νικόλαος.  
502 |a Διατριβή (μεταπτυχιακή) – Πανεπιστήμιο Αιγαίου, Σάμος, 2010.  
504 |a Βιβλιογραφία: σ. 37.  
506 1 |a Διάθεση πλήρους κειμένου ;   |d Ενδοπανεπιστημιακή δημοσίευση.  
520 |a Μελέτη μη γραμμικής εξίσωσης αντίδρασης διάχυσης τύπου Allen Cahn. Απόδειξη θεωρήματος ύπαρξης και a-priori εκτιμήσεις λύσεων.  
610 2 0 |a University of the Aegean  |x Dissertations. 
650 0 0 |a Reaction-diffusion equations. 
650 0 0 |a Dissertations, Academic  |z Greece. 
700 1 |a Καραχάλιος, Νικόλαος,  |e dgs 
710 2 |a Πανεπιστήμιο Αιγαίου.   |b Σχολή Θετικών Επιστημών.   |b Τμήμα Μαθηματικών.   |b Μεταπτυχιακό Πρόγραμμα Σπουδών Μαθηματική Μοντελοποίηση στις Φυσικές Επιστήμες και στις Σύγχρονες Τεχνολογίες. 
852 |a INST  |b SAMOS  |c DIATR  |e 20110208  |h 515.353 ΔΙΑ  |p 005300033001  |q 005300033001  |t MTXE  |y 23 
852 |a INST  |b SAMOS  |c DIATR  |e 20110208  |h 515.353 ΔΙΑ  |p 005300033002  |q 005300033002  |t MTXE  |y 23 
856 |u http://hdl.handle.net/11610/12113 
901 |a BIBL3-2011-1 
909 |a Σ  |b 166258 
909 |a Σ  |b 166259 
924 |a ΔΙΑΜΑΝΤΗΣ  |b ΙΩΑΝΝΗΣ  |y Σάμος  |z 2010-12 
970 |a ΚΟΣΙΕΡΗΣ  |b ΧΡΗΣΤΟΣ  |z 2011/02/08